| 000 | 00637nam a2200217Ii 4500 | ||
|---|---|---|---|
| 003 | JO-AjNU | ||
| 008 | 230605s9999||||xx |||||||||||||| ||und|| | ||
| 017 | _a1991/12/660 | ||
| 040 |
_aJO-AjNU _bara _erda _cJO-AjNU |
||
| 041 | _aara | ||
| 050 | 1 | 4 | _aHM24.Q3264 1992 |
| 100 | 3 |
_aالقضاة، علي منعم, _eauthor _959408 |
|
| 245 | 0 | 0 | _aمدخل إلى علم الإجتماع |
| 250 | _aط1 | ||
| 264 | 3 | 1 | _aعمان: المؤلف، 1992 |
| 300 | _a192ص | ||
| 336 |
_atext _btxt _2rdacontent |
||
| 337 |
_aunmediated _bn _2rdamedia |
||
| 338 |
_avolume _bnc _2rdacarrier |
||
| 650 | 4 |
_aعلم اجتماع-مدارس _959409 |
|
| 999 |
_aA26732 _c30300 _d30300 |
||